000 00597nam a2200253Ia 4500
003 OSt
005 20220912152603.0
006 a|||||r|||| 00| 0
007 ta
008 220909b |||||||| |||| 00| 0 eng d
024 _a40130
037 _cTextual
040 _aCSL
_beng
_cCSL
041 _aeng
082 _aB28, J81 TB
100 _aElhance D N
245 0 _aPractical problems in statistics
250 _aRev 10
260 _c1958
300 _ap.
_ccm.
650 _aStatistics
942 _hB28, J81 TB
_cTEXL
_2CC
999 _c89141
_d89141